Name the Fellowship actors! - Statistics

General Stats
  • This quiz has been taken 1,553 times
  • The average score is 9 of 9
Answer Stats
Actor Character in Fellowship % Correct
Elijah Wood Frodo Baggins
100%
Viggo Mortensen Aragorn
98%
Ian McKellen Gandalf
97%
Orlando Bloom Legolas
97%
Sean Bean Boromir
95%
Sean Austin Samwise Gamgee
95%
John Rhys-Davies Gimli
94%
Dominic Monaghan Meriadoc 'Merry' Brandybuck
94%
Billy Boyd Peregrin 'Pippin' Took
93%
No matching quizzes found
Score Distribution
Percent of People with Each Score
Percentile by Number Answered
Your Score History
You have not taken this quiz